The rule of recognition and sources of law in Miller (Record no. 509815)

000 -LEADER
fixed length control field 00375nam a2200145 4500
008 - FIXED-LENGTH DATA ELEMENTS--GENERAL INFORMATION
fixed length control field 190616b ||||| |||| 00| 0 eng d
100 ## - MAIN ENTRY--PERSONAL NAME
Personal name Hameed, Asif
245 ## - TITLE STATEMENT
Title The rule of recognition and sources of law in Miller
260 ## - PUBLICATION, DISTRIBUTION, ETC. (IMPRINT)
Date of publication, distribution, etc 2019
300 ## - PHYSICAL DESCRIPTION
Extent p.61-81.
650 ## - SUBJECT ADDED ENTRY--TOPICAL TERM
Topical term or geographic name as entry element Constitutional Law
9 (RLIN) 6490
773 ## - HOST ITEM ENTRY
Main entry heading Public Law
906 ## - LOCAL DATA ELEMENT F, LDF (RLIN)
Subject DIP Brexit
942 ## - ADDED ENTRY ELEMENTS (KOHA)
Source of classification or shelving scheme
Item type Articles
Holdings
Withdrawn status Lost status Source of classification or shelving scheme Damaged status Not for loan Permanent location Current location Date acquired Serial Enumeration / chronology Barcode Date last seen Koha item type
          Indian Institute of Public Administration Indian Institute of Public Administration 2019-06-16 1, Jan, 2019: p.61-81. AR119883 2019-06-16 Articles

Powered by Koha